Adobe master class : (Record no. 19586)
[ view plain ]
| 000 -LEADER | |
|---|---|
| fixed length control field | 00936cam a22002655a 4500 |
| 001 - CONTROL NUMBER | |
| control field | 18268904 |
| 005 - DATE AND TIME OF LATEST TRANSACTION | |
| control field | 20150614105930.0 |
| 008 - FIXED-LENGTH DATA ELEMENTS--GENERAL INFORMATION | |
| fixed length control field | 140815t2014 njuo fr 001 0 eng d |
| 020 ## - INTERNATIONAL STANDARD BOOK NUMBER | |
| International Standard Book Number | 9780321986306 (pbk.) |
| 020 ## - INTERNATIONAL STANDARD BOOK NUMBER | |
| International Standard Book Number | 032198630X (pbk.) |
| 040 ## - CATALOGING SOURCE | |
| Original cataloging agency | BTCTA |
| Language of cataloging | eng |
| Transcribing agency | BTCTA |
| Modifying agency | BDX |
| -- | YDXCP |
| -- | UKMGB |
| -- | SINLB |
| -- | OCLCO |
| -- | DLC |
| -- | EG-ScBUE |
| 082 04 - DEWEY DECIMAL CLASSIFICATION NUMBER | |
| Classification number | 006.686 |
| Edition number | 22 |
| Item number | MAL |
| 100 1# - MAIN ENTRY--PERSONAL NAME | |
| Personal name | Malley, Bret. |
| 9 (RLIN) | 38163 |
| 245 10 - TITLE STATEMENT | |
| Title | Adobe master class : |
| Remainder of title | advanced compositing in Photoshop / |
| Statement of responsibility, etc | by Bret Malley. |
| 260 ## - PUBLICATION, DISTRIBUTION, ETC. (IMPRINT) | |
| Place of publication, distribution, etc | [New jersey] : |
| Name of publisher, distributor, etc | Adobe Press / Peachpit / Pearson Education, |
| Date of publication, distribution, etc | c.2014. |
| 300 ## - PHYSICAL DESCRIPTION | |
| Extent | xii, 347 p : |
| Other physical details | photos ; |
| Dimensions | 22 cm. |
| 500 ## - GENERAL NOTE | |
| General note | Index : p. 338-347. |
| 630 00 - SUBJECT ADDED ENTRY--UNIFORM TITLE | |
| Uniform title | Adobe Photoshop. |
| 9 (RLIN) | 37025 |
| 650 #0 - SUBJECT ADDED ENTRY--TOPICAL TERM | |
| Topical term or geographic name as entry element | Photography |
| General subdivision | Digital techniques. |
| Source of heading or term | BUEsh |
| 9 (RLIN) | 37027 |
| 650 #0 - SUBJECT ADDED ENTRY--TOPICAL TERM | |
| Topical term or geographic name as entry element | Image processing |
| General subdivision | Digital techniques. |
| Source of heading or term | BUEsh |
| 651 ## - SUBJECT ADDED ENTRY--GEOGRAPHIC NAME | |
| Source of heading or term | BUEsh |
| 653 ## - INDEX TERM--UNCONTROLLED | |
| Resource For college | Communication and mass media |
| -- | Informatics and Computer Science |
| Arrived date list | June2015 |
| 655 ## - INDEX TERM--GENRE/FORM | |
| Form subdivision | |
| -- | 34232 |
| 942 ## - ADDED ENTRY ELEMENTS (KOHA) | |
| Source of classification or shelving scheme | Dewey Decimal Classification |
| Call number prefix | 006.686 MAL |
| Withdrawn status | Lost status | Source of classification or shelving scheme | Damaged status | Not for loan | Koha collection | Home library | Current library | Shelving location | Date acquired | Source of acquisition | Cost, normal purchase price | Serial Enumeration / chronology | Total Checkouts | Total Renewals | Full call number | Barcode | Date last seen | Date last borrowed | Cost, replacement price | Koha item type |
|---|---|---|---|---|---|---|---|---|---|---|---|---|---|---|---|---|---|---|---|---|
| Dewey Decimal Classification | Alahram | Central Library | Central Library | Lower Floor | 11/06/2015 | Purchase | 375.00 | 308 | 2 | 8 | 006.686 MAL | 000038624 | 15/07/2025 | 14/02/2018 | 468.75 | Book - Borrowing |